000 00857nam a2200229 a 4500
999 _c4450
_d4450
001 4450
003 BD-JhCC
005 20180218174527.0
008 171127s2013 bg ||||| |||| 00| 0 ben d
020 _a9789841106911
035 _a(BD-JhCC)4450
040 _aBD-JhCC
_dBD-JhCC
041 _aben
082 _a373.11024
_bBAS 2013
100 _aবশীরুদ্দীন, মোহাম্মদ
245 _aঅভিজ্ঞতার আলোকে আদর্শ শিক্ষক ও প্রতিষ্ঠান প্রধান হওয়ার সু-কৌশল /
_c মোহাম্মদ বশীরুদ্দীন
260 _aঢাকা :
_bআহমদ পাবলিশিং হাউস,
_c2013.
300 _a64 p. :
_c21 cm.
650 _aTeacher student relationship
942 _2ddc
_cBK